00352 a2200121 4500001001000000005001700010008004100027245003700068100002100105700002000126773006700146999001700213ART_1298020260410161734.0260409a 10aLa Argentina en tiempos de shock1 aJanovitz, Elemer1 aLagos, Martín0 tEjecutivos de finanzasg- Año 8, Nº 75 (may. 1991)wREV2863 c18168d18168